| 000 | 00697nam a2200205 a 4500 | ||
|---|---|---|---|
| 001 | 000047862 | ||
| 005 | 20201002060759.0 | ||
| 008 | 181001s2018 dr r 000 0 spa d | ||
| 020 | _a9789945088465 | ||
| 020 | _a9789945609387 | ||
| 040 |
_aDO-SdBNP _bspa _cBNPHU |
||
| 082 |
_axxxx _bC352r |
||
| 100 | 1 |
_aCastillo, Waldo. H. _975421 |
|
| 245 | 1 | 0 |
_aRespuestas bíblicas : _bmanual de fundamento cristiano / _cW. H. Castillo. |
| 260 |
_aSanto Domingo : _bBúho ; _bSantuario, _c2018. |
||
| 300 |
_av. ; _c23 cm. |
||
| 505 | 0 |
_av. 2 : _t"Preparando un pueblo bien dispuesto para Dios" |
|
| 500 | _aIncluye datos biográficos del autor en la solapa de la cubierta | ||
| 590 | _aInventariado, 2018/VM | ||
| 999 |
_c47350 _d47350 |
||